Statistiques concernant Frontières de la Macédoine du Nord.

Cliquez ici pour prendre le quiz!

Statistiques générales

  • Ce quiz a été pris 326 fois
  • Le résultat moyen est 5 sur 5

Statistiques - réponses

LongueurPays frontalier% Correct
264 kmGrèce
99%
159 kmKosovo
98%
151 kmAlbanie
97%
62 kmSerbie
97%
148 kmBulgarie
95%

Distribution des résultats

Percentile par nombre de réponses

% des personnes avec chaque résultat

Votre développement - résultats

Vous n’avez pas pris ce quiz